000 00345 a2200169 4500
001 183348
020 _a85-322-4017-8
040 _cMagnum
100 _aCarvalho, Wanderley
240 1 0 _aBiologia em foco 1
_lpor
245 1 0 _aBiologia em foco 1
300 _a408
362 0 _a1998
440 1 _aFTD
697 _aBIOLOGIA
942 _cBK
999 _c183348
_d183348